[Event "El Vendrell op 3rd"]
[Site "El Vendrell"]
[Date "2023.07.15"]
[Round "6"]
[White "Delgado Romero, Marco"]
[Black "Madria, Joseph John"]
[Result "1-0"]
[WhiteElo "2243"]
[BlackElo "1896"]
[PlyCount "101"]
[EventDate "2023.07.15"]
[EventType "swiss (rapid)"]
[EventRounds "9"]
[EventCountry "ESP"]
[SourceTitle "CBM 215 Extra"]
[Source "ChessBase"]
[SourceDate "2023.09.30"]
[SourceVersion "1"]
[SourceVersionDate "2023.09.30"]
[SourceQuality "1"]

1. e4 e6 2. d4 d5 3. Nd2 Nf6 4. e5 Nfd7 5. Bd3 c5 6. c3 Nc6 7. Ne2 cxd4 8. cxd4 f6 9. exf6 Qxf6 10. Nf3 h6 11. 0-0 Bd6 12. Bb1 0-0 13. Qd3 Rd8 14. Ng3 Nf8 15. Re1 Bd7 16. Bd2 Rac8 17. a3 a6 18. Ba2 Be8 19. Qe3 Bb8 20. Ne5 Nxe5 21. dxe5 Qf7 22. Ba5 Bc7 23. Bc3 Nd7 24. Ne2 Bb6 25. Bd4 Bxd4 26. Nxd4 Nf8 27. Rac1 Bd7 28. Bb1 Rxc1 29. Rxc1 Rc8 30. Re1 Qe7 31. Bd3 Qc5 32. h4 b5 33. Kh2 b4 34. a4 Bxa4 35. Bxa6 Rc7 36. Bd3 Nd7 37. Nxe6 Qxe3 38. Rxe3 Rc1 39. Nd4 Nc5 40. Bg6 Kf8 41. Rf3+ Kg8 42. Nf5 Ne6 43. Ne7+ Kh8 44. Nxd5 Bc6 45. Rd3 Rc4 46. Ne7 Bb7 47. Kg3 Rc7 48. Nd5 Rd7 49. Nxb4 Rc7 50. Bf5 Nc5 51. Rd8# 1-0

[Event "El Vendrell op 3rd"]
[Site "El Vendrell"]
[Date "2023.07.15"]
[Round "7"]
[White "Madria, Joseph John"]
[Black "Graells, Ricardo"]
[Result "1/2-1/2"]
[WhiteElo "1896"]
[BlackElo "2118"]
[PlyCount "81"]
[EventDate "2023.07.15"]
[EventType "swiss (rapid)"]
[EventRounds "9"]
[EventCountry "ESP"]
[SourceTitle "CBM 215 Extra"]
[Source "ChessBase"]
[SourceDate "2023.09.30"]
[SourceVersion "1"]
[SourceVersionDate "2023.09.30"]
[SourceQuality "1"]

1. e4 c6 2. d4 d5 3. e5 c5 4. dxc5 Nc6 5. Nf3 Bg4 6. Bb5 e6 7. Be3 Qc7 8. Nbd2 Nge7 9. 0-0 Nf5 10. Bf4 Bxc5 11. h3 Bxf3 12. Nxf3 0-0 13. c3 Rfd8 14. Bd3 Nfe7 15. Qe2 Ng6 16. Bg3 Rac8 17. h4 Bf8 18. Rfe1 d4 19. Ng5 dxc3 20. bxc3 Be7 21. f4 Bxg5 22. fxg5 Ngxe5 23. Bxe5 Nxe5 24. Bxh7+ Kxh7 25. Qxe5 Qxe5 26. Rxe5 Rxc3 27. Rf1 Kg8 28. g6 fxg6 29. Rxe6 Rg3 30. Re7 Rd2 31. Rf2 Rxf2 32. Kxf2 Ra3 33. Rxb7 Rxa2+ 34. Kf3 a5 35. g4 a4 36. Ra7 a3 37. Kf4 Ra1 38. Kg5 Kh7 39. Ra6 a2 40. Ra7 Kg8 41. Kxg6 1/2-1/2

[Event "Sant Miquel Olerdola op 14th"]
[Site "Sant Miquel Olerdola"]
[Date "2023.04.28"]
[Round "3"]
[White "Canales Garcia, Vicenc"]
[Black "Madria, Joseph John"]
[Result "1/2-1/2"]
[WhiteElo "1940"]
[BlackElo "1986"]
[PlyCount "75"]
[EventDate "2023.04.14"]
[EventType "swiss"]
[EventRounds "8"]
[EventCountry "ESP"]
[SourceTitle "EXT 2024"]
[Source "ChessBase"]
[SourceDate "2023.10.10"]
[SourceVersion "1"]
[SourceVersionDate "2023.10.10"]
[SourceQuality "1"]

1. d4 g6 2. e4 Bg7 3. Nc3 d6 4. Be3 a6 5. Qd2 b5 6. a3 Nd7 7. g3 Bb7 8. Bg2 Rc8 9. Nge2 h5 10. h3 c5 11. 0-0 cxd4 12. Bxd4 Ne5 13. b3 Nf6 14. Nd5 Bxd5 15. exd5 Qc7 16. Ra2 0-0 17. f4 Ned7 18. f5 Ne5 19. Kh1 Qd7 20. fxg6 Nxg6 21. a4 e5 22. dxe6 Qxe6 23. axb5 axb5 24. Nf4 Nxf4 25. Qxf4 Ne8 26. Bxg7 Nxg7 27. g4 hxg4 28. hxg4 Qe2 29. Be4 Rc3 30. Rf3 Qe1+ 31. Kg2 Rxf3 32. Qxf3 Re8 33. Bd3 Qd2+ 34. Qf2 Qg5 35. Qf3 Qd2+ 36. Qf2 Qg5 37. Qf3 Qd2+ 38. Qf2 1/2-1/2